000
00330nam a2200145Ia 4500
008
100122s9999 xx 000 0 und d
082
_b
27108
_a
613.7
100
_a
SHRI YOGENDRA
245
_a
WAY TO LIVE
260
_b
YOGA INSTITURE
_c
1936
300
_a
93
630
_a
WAY TO LIVE
730
_a
WAY TO LIVE
942
_c
BOOK
999
_c
368447
_d
368444